000 00407nam a22001577a 4500
003 NUST - PNEC
005 20170116181133.0
008 151002b xxu||||| |||| 00| 0 eng d
040 _cLIBRARY
082 _a891.4391 AMJ
100 _912196
_aAmjad, Amjad Islam
245 _aPhir hua youn
_cAmjad, Amjad Islam
260 _cc.1995
650 _912195
_bUrdu literature
_xGeneral books
942 _2ddc
_cBK
999 _c70072
_d70072